000 01219nam a2200361 a 4500
001 000110454
003 CHAP
005 20220329144134.0
008 140829s2007 mx a |r| |||||||spa d
010 _a106916
011 _a107888
020 _a9789707530867
040 _cCHAP
082 0 4 _a972.74004
_bN31
100 1 _aNava Reyes, Clara
_9128065
245 1 0 _aIxcatecos /
_cpor Clara Nava Reyes y Monzerrat Romero Luna.
260 3 _aMéxico, D.F. :
_bComisión Nacional para el Desarrollo de los Pueblos Indígenas,
_c2007.
300 _a55 p. :
_bil.
490 0 _aPueblos Indígenas del México Contemporáneo
590 _aBATCH-UPD
_b05
_c20140829
_lUCH01
_h0958
590 _aE792CSJ
_b05
_c20140829
_lUCH01
_h0958
650 1 4 _aIndios de Oaxaca
_xIxcatecos.
_9128106
650 1 4 _aIxcatecos
_xEconomía.
_9128110
650 1 4 _aIxcatecos
_xHistoria.
_9128111
650 1 4 _aIxcatecos
_xOrganización social.
_9128108
650 1 4 _aIxcatecos
_xReligión y mitología.
_9128109
650 1 4 _aIxcatecos
_xVida social y costumbres.
_9128107
700 1 _aRomero Luna, Monzerrat
_9128130
830 0 _aPueblos Indígenas del México Contemporáneo
_992892
901 _aBK
942 _cLIBRO
942 _n0
999 _c106916
_d106916